00590 2200205 4500001002100000005001500021035002000036007000300056008004100059020002200100082001200122084001800134100001200152245006500164250000600229260003500235300005000270520004800320600001600368INLIS00000000000122220221219105411 a0010-1222000408ta221219 e 0 ind  a978-979-1486-68-9 a370.114 a370.114 TRI m0 aTrianto1 aMendesain model pembelajaran inovatif - progresif /cTrianto a1 aJakarta :bkencana 2010,c2009 a375 Halaman :bDunia Pengetahuan ;c23 x15 cm aBuku ini sangat cocok untuk tenaga pendidik 4aPengetahuan